| 000 | 02260cam a22004814i 4500 | ||
|---|---|---|---|
| 003 | PE-LiUPU | ||
| 005 | 20250731165604.0 | ||
| 008 | 150706s r 000 0 d | ||
| 020 | _a0830814027 | ||
| 035 | _a(Sirsi) i9780830814022 | ||
| 040 |
_aPE-LiUPU _bspa _cPE-LiUPU _erda |
||
| 049 | _aPRUA | ||
| 082 | 0 | 4 |
_a225.6 _bG96 _221 |
| 100 | 1 |
_aGuthrie, Donald, _d1916-1992, _eautor. |
|
| 245 | 1 | 0 |
_aNew Testament introduction / _cDonald Guthrie. |
| 264 | 1 |
_aDowner Grove, Illinois : _bIntervarsiyt press, _c1990. |
|
| 300 |
_a1191 páginas ; _c24 centímetros |
||
| 336 |
_atext _2rdacontent |
||
| 337 |
_aunmediated _2rdamedia |
||
| 338 |
_avolume _2rdacarrier |
||
| 505 | 0 | _aThe gospels -- Matthew's gospel -- Mark's gospel -- Luke's gospel -- The synoptic problem -- Form criticism and its developments -- John's gospel -- The acts of the apostles -- The epistle to the Romans -- The Corinthian epistles -- The epistle to Galatians -- The captivity epistles -- The epistle to the Ephesians -- The epistle to the Philippians -- The epistle to the Colossians -- The Thessalonian epistles -- The pastoral epistles -- The epistle to Philemon -- The epistle to the Hebrews -- The epistle of James -- The first epistle of Peter -- The second epistle of Peter -- The Johannine epistle -- The epistle of Jude -- The book of revelation. | |
| 526 | _aSEG44 | ||
| 526 | _aSEG26 | ||
| 526 | _aP151 | ||
| 526 | _aP150 | ||
| 526 | _aP149 | ||
| 526 | _aP146 | ||
| 526 | _aP145 | ||
| 526 | _aP126 | ||
| 526 | _aP125 | ||
| 526 | _aP92 | ||
| 526 | _aP75 | ||
| 526 | _aP74 | ||
| 526 | _aP27 | ||
| 526 | _aP15 | ||
| 650 | 0 | 4 |
_aBiblia. _pN.T. _xIntroducciones. |
| 942 |
_2ddc _cBOOK |
||
| 949 |
_aRC 225.6 G96 _wDEWEY _c1 _i39787 _d2015-12-1 _lCCODEBUL1 _mBUL _q5 _r0 _sY _tBOOK _u2015-7-6 _xTEOLOGIA _zUNKNOWN _0COMPRA _o.CIRCNOTE. No olvidar cambiar la fecha de devolución!!!!!!! _o.STAFF. Colección General |
||
| 994 |
_aC0 _bPEPRU |
||
| 596 | _a1 | ||
| 999 |
_aRC 225.6 G96 _wDEWEY _c49332 _i39787 _d49332 _f2021-11-8 _g6 _lCCODEBUL1 _mBUL _q5 _r1 _sY _tBOOK _u2015-7-6 _xTEOLOGIA _zUNKNOWN _0COMPRA _o.CIRCNOTE. No olvidar cambiar la fecha de devolución!!!!!!! _o.STAFF. Colección General |
||
| 980 |
_81 _gALBERTO SANCHEZ Responsable de Automatización |
||